Reservation and inclusive growth (Record no. 502058)

000 -LEADER
fixed length control field 00456cam a22001457a 4500
008 - FIXED-LENGTH DATA ELEMENTS--GENERAL INFORMATION
fixed length control field 180718b2010 xxu||||| |||| 00| 0 eng d
082 ## - DEWEY DECIMAL CLASSIFICATION NUMBER
Classification number BA27x54 Y1
100 ## - MAIN ENTRY--PERSONAL NAME
Personal name Yadav, Sushma
245 ## - TITLE STATEMENT
Title Reservation and inclusive growth
Statement of responsibility, etc. by Sushma Yadav
260 ## - PUBLICATION, DISTRIBUTION, ETC.
Place of publication, distribution, etc. New Delhi
Name of publisher, distributor, etc. Indian Institute of Public Administration
Date of publication, distribution, etc. 2010
300 ## - PHYSICAL DESCRIPTION
Extent 62p.
650 ## - SUBJECT ADDED ENTRY--TOPICAL TERM
Topical term or geographic name entry element Dalits -India
650 ## - SUBJECT ADDED ENTRY--TOPICAL TERM
Topical term or geographic name entry element Scheduled castes and scheduled tribes -India
650 ## - SUBJECT ADDED ENTRY--TOPICAL TERM
Topical term or geographic name entry element Reservations -Policy
Holdings
Withdrawn status Lost status Damaged status Not for loan Permanent Location Current Location Date acquired Full call number Barcode Date last seen Price effective from Koha item type Source of classification or shelving scheme
        Indian Institute of Public Administration Indian Institute of Public Administration 2018-08-04 BA27x54 Y1 GR20551 2018-08-04 2018-08-04 GR  
        Indian Institute of Public Administration Indian Institute of Public Administration 2018-08-04 BA27x54 Y1 GR20550 2018-08-04 2018-08-04 GR  
        Indian Institute of Public Administration Indian Institute of Public Administration 2018-08-04 BA27x54 Y1 GR20549 2018-08-04 2018-08-04 GR  
        Indian Institute of Public Administration Indian Institute of Public Administration 2018-08-04 BA27x54 Y1\c.6 GR20366 2018-08-04 2018-08-04 GR  
        Indian Institute of Public Administration Indian Institute of Public Administration 2018-08-04 BA27x54 Y1 GR19262 2018-08-04 2018-08-04 GR  
        Indian Institute of Public Administration Indian Institute of Public Administration 2018-08-04 BA27x54 Y1 GR19256 2018-08-04 2018-08-04 GR  
        Indian Institute of Public Administration Indian Institute of Public Administration 2018-08-04 BA27x54 Y1 GR18557 2018-08-04 2018-08-04 GR  

Powered by Koha